<?xml version="1.0" encoding="UTF-8"?><marc:collection xmlns:marc="http://www.loc.gov/MARC21/slim">
  <marc:record>
    <marc:leader>00000nam##2200000za#4500</marc:leader>
    <marc:controlfield tag="001">9.625470</marc:controlfield>
    <marc:controlfield tag="003">CaOODSP</marc:controlfield>
    <marc:controlfield tag="005">20200706134926</marc:controlfield>
    <marc:controlfield tag="007">ta</marc:controlfield>
    <marc:controlfield tag="008">150406|2000||||xxc|||||     f|0| 0 fre|d</marc:controlfield>
    <marc:datafield tag="020" ind1=" " ind2=" ">
      <marc:subfield code="a">0-660-96422-8</marc:subfield>
    </marc:datafield>
    <marc:datafield tag="022" ind1=" " ind2=" ">
      <marc:subfield code="a">1200-5231</marc:subfield>
    </marc:datafield>
    <marc:datafield tag="040" ind1=" " ind2=" ">
      <marc:subfield code="a">CaOODSP</marc:subfield>
      <marc:subfield code="b">fre</marc:subfield>
    </marc:datafield>
    <marc:datafield tag="043" ind1=" " ind2=" ">
      <marc:subfield code="a">n-cn---</marc:subfield>
    </marc:datafield>
    <marc:datafield tag="086" ind1="1" ind2=" ">
      <marc:subfield code="a">CS11-0019/123F</marc:subfield>
    </marc:datafield>
    <marc:datafield tag="245" ind1="0" ind2="0">
      <marc:subfield code="a">L'innovation et la formation dans les nouvelles entreprises / </marc:subfield>
      <marc:subfield code="c">par John R. Baldwin. </marc:subfield>
    </marc:datafield>
    <marc:datafield tag="260" ind1=" " ind2=" ">
      <marc:subfield code="a">Ottawa - Ontario : </marc:subfield>
      <marc:subfield code="b">Statistique Canada. </marc:subfield>
      <marc:subfield code="c">2000.</marc:subfield>
    </marc:datafield>
    <marc:datafield tag="300" ind1=" " ind2=" ">
      <marc:subfield code="a">vii, 44p. : </marc:subfield>
      <marc:subfield code="b">figures, références, tableaux ; </marc:subfield>
      <marc:subfield code="c">28 cm.</marc:subfield>
    </marc:datafield>
    <marc:datafield tag="490" ind1="1" ind2=" ">
      <marc:subfield code="a">Documents de recherche</marc:subfield>
      <marc:subfield code="x">1200-5231</marc:subfield>
      <marc:subfield code="v">N° 123</marc:subfield>
    </marc:datafield>
    <marc:datafield tag="500" ind1=" " ind2=" ">
      <marc:subfield code="a">«Des études récentes ont démontré l'importance quantitative de la création et de la disparition d'entreprises ainsi que de la croissance et du déclin de la population industrielle. C'est ce processus de renouvellement qui récompense l'activité innovatrice et contribué à la croissance de la productivité... Ce document a pour objectif de décrire le contexte et les caractéristiques propres aux jeunes entreprises qui réussissent à survivre et à prospérer. Pour ce faire, il examine deux questions: premièrement, l'aptitude à innover des jeunes entreprises, et la mesure dans laquelle leur croissance en dépend; deuxièmement, le fait de mettre l'accent sur les compétences des travailleurs--élément qui est relié en partie à la formation--qui est complémentaire à l'innovation et contribue à la croissance.»--Résumé.</marc:subfield>
    </marc:datafield>
    <marc:datafield tag="520" ind1="3" ind2=" ">
      <marc:subfield code="a">Des études récentes ont démontré l'importance quantitative de la création et de la disparition d'entreprises ainsi que de la croissance et du déclin de la population industrielle. C'est ce processus de renouvellement qui récompense l'activité innovatrice et contribué à la croissance de la productivité... Ce document a pour objectif de décrire le contexte et les caractéristiques propres aux jeunes entreprises qui réussissent à survivre et à prospérer. Pour ce faire, il examine deux questions: premièrement, l'aptitude à innover des jeunes entreprises, et la mesure dans laquelle leur croissance en dépend; deuxièmement, le fait de mettre l'accent sur les compétences des travailleurs--élément qui est relié en partie à la formation--qui est complémentaire à l'innovation et contribue à la croissance.--Résumé</marc:subfield>
    </marc:datafield>
    <marc:datafield tag="563" ind1=" " ind2=" ">
      <marc:subfield code="a">Couverture souple</marc:subfield>
    </marc:datafield>
    <marc:datafield tag="590" ind1=" " ind2=" ">
      <marc:subfield code="a">01-01</marc:subfield>
      <marc:subfield code="b">2001-01-05</marc:subfield>
    </marc:datafield>
    <marc:datafield tag="710" ind1="2" ind2=" ">
      <marc:subfield code="a">Statistique Canada. </marc:subfield>
      <marc:subfield code="b">Direction des études analytiques.</marc:subfield>
    </marc:datafield>
    <marc:datafield tag="720" ind1="1" ind2=" ">
      <marc:subfield code="a">Baldwin, John R.</marc:subfield>
    </marc:datafield>
    <marc:datafield tag="776" ind1="0" ind2="#">
      <marc:subfield code="t">L'innovation et la formation dans les nouvelles entreprises / </marc:subfield>
      <marc:subfield code="w">(CaOODSP)9.590729</marc:subfield>
    </marc:datafield>
    <marc:datafield tag="830" ind1="#" ind2="0">
      <marc:subfield code="a">Documents de recherche,</marc:subfield>
      <marc:subfield code="x">1200-5231</marc:subfield>
      <marc:subfield code="v">N° 123</marc:subfield>
      <marc:subfield code="w">(CaOODSP)9.512877</marc:subfield>
    </marc:datafield>
  </marc:record>
</marc:collection>
